Black time: Fiction of Africa, the Caribbean and the United States (Record no. 228676)

MARC details
000 -LEADER
fixed length control field 00432nam a2200157Ia 4500
008 - FIXED-LENGTH DATA ELEMENTS--GENERAL INFORMATION
fixed length control field 230917s9999||||xx |||||||||||||| ||und||
020 ## - ISBN
Price USD24.5
040 ## - CATALOGING SOURCE
-- 41595
Original cataloging agency VIVEKANANDA LIBRARY
041 ## - Language
-- English
082 ## - DDC NUMBER
Classification number 809.3 B283B
100 ## - MAIN ENTRY--PERSONAL NAME
Personal name Barthold, Bonnie J
245 #0 - TITLE STATEMENT
Title Black time: Fiction of Africa, the Caribbean and the United States
260 ## - PUBLICATION, DISTRIBUTION, ETC. (IMPRINT)
Place of publication, distribution, etc London
Name of publisher, distributor, etc University of Yale Press
Date of publication, distribution, etc 1981
300 ## - PHYSICAL DESCRIPTION
Pages x, 209 p.
942 ## - ADDED ENTRY ELEMENTS (KOHA)
Koha item type Books
Holdings
Withdrawn status Lost status Damaged status Not for loan Location (home branch) Sublocation or collection (holding branch) Date acquired Koha issues (times borrowed) Koha full call number Accession No. Koha date last seen Koha item type
        VIVEKANANDA LIBRARY VIVEKANANDA LIBRARY 11/11/2002   809.3 B283B 96651 17/09/2023 Books
© Designed and Maintained by Vivekananda Library, MDU Rohtak